000 00669nam a22002417a 4500
001 000718
003 DO-SdBNP
005 20180209142705.0
007 000718
008 161121b 1977 sp a ||||| |||| 00| 0 spa d
020 _a8424309022
040 _aBPMSU
_bspa
_cBPMSU
082 _axxxx
_bxxxx
100 1 _aBeaumont,
_d1922-1994.
245 1 0 _aAnimales trabajadores /
_ctexto e ilustraciones, Beaumont.
260 _aBilbao :
_bFher imp.,
_c1977.
300 _a[26] p. :
_bil. ;
_c30 cm.
490 1 _aFauna curiosa
830 0 _aFauna curiosa
942 _2ddc
_cBK
945 _aInventariado, 2018 / BT
956 _2LOPEREZ
_310
_6BPMSU
_820161121
_a00041
999 _c12009
_d12009